000 00493nam a2200193Ia 4500
001 62175
008 080101n2001 ii |||gr||||Z||||||465
020 _a9788123735443
041 _a465
082 _a910
100 _aDutta, Arup Kumar,
_eAuthor.
245 0 _aThe Brahmaputra
_cBy Arup Kumar Dutta
_hTextual Documents
250 _aist d.
260 _aDelhi
_bNational book Trust,
_c2001
300 _apg 237:
_c21cm.
653 _aGeography
653 _aG- Geography
942 _2ddc
_cBK
999 _c63282
_d63282